Vaivem: (Record no. 1869)

MARC details
000 -LEADER
campo de control de longitud fija 00454nam a2200145 4500
008 - DATOS DE LONGITUD FIJA--INFORMACIÓN GENERAL
campo de control de longitud fija 708 F676v
020 ## - NÚMERO INTERNACIONAL ESTÁNDAR DEL LIBRO
Número Internacional Estándar del Libro 9788560370092
082 ## - NÚMERO DE LA CLASIFICACIÓN DECIMAL DEWEY
Número de clasificación 708
Número de ítem F676v
100 ## - ENTRADA PRINCIPAL--NOMBRE DE PERSONA
Nombre de persona Fonseca, Raphael
9 (RLIN) 7235
245 ## - MENCIÓN DEL TÍTULO
Título Vaivem:
Resto del título To-and-Fro
260 ## - PUBLICACIÓN, DISTRIBUCIÓN, ETC.
Lugar de publicación, distribución, etc. Brasil
Nombre del editor, distribuidor, etc. Centro Cultural Banco do Brasil
Fecha de publicación, distribución, etc. 2019
300 ## - DESCRIPCIÓN FÍSICA
Extensión 320 p.
Otras características físicas il. (col)
Dimensiones 27,5 x 21,5 cm
650 ## - PUNTO DE ACCESO ADICIONAL DE MATERIA--TÉRMINO DE MATERIA
Subdivisión general arte contemporáneo
-- arte - iconografía
-- arte - hamacas
-- arte - Brasil
9 (RLIN) 7236
700 ## - ENTRADA AGREGADA--NOMBRE PERSONAL
Nombre de persona Fonseca, Ludimilla
9 (RLIN) 7237
Holdings
Estatus retirado Estado de pérdida Fuente del sistema de clasificación o colocación Estado de daño No para préstamo Biblioteca de origen Biblioteca actual Ubicación en estantería Fecha de adquisición Total de préstamos Signatura topográfica completa Código de barras Visto por última vez Precio de reemplazo Tipo de ítem Koha
    Clasificación Decimal Dewey     Biblioteca LadoV Biblioteca LadoV   13/11/2019   708 F676v 004880 13/11/2019 13/11/2019 Material 01